00259nam a22001097a 4500008004100000020002100041100001800062245002900080250000900109260002300118300000800141240501b |||||||| |||| 00| 0 eng d a978-07-0698-7454 aC. R. Kothari aQuantitative Techniques  a3rd. aNoidabVikasc2010 a596